Тезисы докладов научно-технического совещания "Новые разработки в сварочной технике и перспективы их промышленного внедрения". 28-30 июня 1971 г. (Запись № 6186190)

Подробности
000 -МАРКЕР
контрольное поле 01947nam0a22002651 4500
001 - ИДЕНТИФИКАТОР ЗАПИСИ
контрольное поле rc\3485785
005 - ИДЕНТИФИКАТОР ВЕРСИИ
контрольное поле 20260407174239.0
021 ## - НОМЕР ГОСУДАРСТВЕННОЙ РЕГИСТРАЦИИ
Код страны Российская Федерация
Номер [71-58682]
035 ## - ДРУГИЕ СИСТЕМНЫЕ НОМЕРА
Идентификатор записи (NLR Aleph) 007646866
100 ## - ДАННЫЕ ОБЩЕЙ ОБРАБОТКИ
Данные общей обработки 20130115d1971 |||y0rusy50 ca
101 0# - ЯЗЫК РЕСУРСА
Язык текста, звукозаписи и т.д. русский
102 ## - СТРАНА ПУБЛИКАЦИИ ИЛИ ПРОИЗВОДСТВА
Страна публикации Российская Федерация
105 ## - ПОЛЕ КОДИРОВАННЫХ ДАННЫХ: ТЕКСТОВЫЕ МАТЕРИАЛЫ, МОНОГРАФИЧЕСКИЕ
Кодированные данные о монографическом текстовом документе y z |||||
200 1# - ЗАГЛАВИЕ И СВЕДЕНИЯ ОБ ОТВЕТСТВЕННОСТИ
Основное заглавие Тезисы докладов научно-технического совещания "Новые разработки в сварочной технике и перспективы их промышленного внедрения". 28-30 июня 1971 г.
Первые сведения об ответственности Груз. науч.-исслед. ин-т науч.-техн. информации и техн.-экон. исследований Гос. ком. Совета Министров ГССР по науке и технике. Ин-т электросварки им. Е.О. Патона АН УССР. Тбил. отд-ние ВНИИЭСО. Груз. респ. науч.-техн. о-во энергетики и электротехн. пром-сти. Груз. респ. науч.-техн. о-во машиностроит. пром-сти
210 ## - ПУБЛИКАЦИЯ, РАСПРОСТРАНЕНИЕ И ДР.
Место издания, распространения и т.д. Тбилиси
Имя издателя, распространителя и т. д. Б. и.
Дата издания, распространения и т.д. 1971
215 ## - ФИЗИЧЕСКАЯ ХАРАКТЕРИСТИКА
Специфическое обозначение материала и объем 74 с.
Размеры 20
532 13 - РАСШИРЕННОЕ ЗАГЛАВИЕ
Заглавие Тезисы докладов научно-технического совещания Новые разработки в сварочной технике и перспективы их промышленного внедрения. 28-30 июня 1971 г.
606 ## - НАИМЕНОВАНИЕ ТЕМЫ КАК ПРЕДМЕТ
Наименование темы Сварка
Формальный подзаголовок Тезисы докладов
Код системы psbo
710 12 - НАИМЕНОВАНИЕ ОРГАНИЗАЦИИ - ПЕРВИЧНАЯ ОТВЕТСТВЕННОСТЬ
Начальный элемент ввода "Новые разработки в сварочной технике и перспективы их промышленного внедрения", научно-техническое совещание
Дата проведения временной организации 1971
Место проведения временной организации Тбилиси
Идентификатор авторитетной/нормативной записи RU\NLR\AUTH\8810111588
Системный номер авторитетной/нормативной записи 722968
801 #0 - ИСТОЧНИК ЗАПИСИ
Страна Российская Федерация
Организация NLR
Правила каталогизации psbo
801 #1 - ИСТОЧНИК ЗАПИСИ
Страна Российская Федерация
Организация ELAR
Источник данных rusmarc
852 ## - МЕСТОНАХОЖДЕНИЕ И ШИФР ХРАНЕНИЯ
Идентификатор организации NLR
Шифр хранения (Call Number) 71-4/11885
942 ## - ДОПОЛНИТЕЛЬНЫЕ ЭЛЕМЕНТЫ ЗАПИСИ (АБИС)
Тип экземпляра АБИС Книга
980 ## - КОЛЛЕКЦИЯ
Название коллекции Национальная библиография
Экземпляры
Тип экземпляра Дата поступления Библиотека постоянного хранения Библиотека текущего хранения Место хранения Шифр хранения Штрих-код Статус экземпляра
Книга 26.10.2013 РНБ (Московский) РНБ (Московский) Русский книжный фонд: издания с 1957 года 71-4/11885 7646866-10